Les buteurs en finale de Coupe du Monde - Statistiques

Statistiques générales
  • Ce quiz a été pris 73 fois
  • Le résultat moyen est 27 sur 83
Statistiques - réponses
Année Vainqueur Score Finaliste Buteur % Correct
2018 France 4-1 Croatie Mbappé
99%
2022 Argentine 2-1 France Mbappé
99%
2022 Argentine 2-2 France Mbappé
99%
2022 Argentine 3-3 France Mbappé
99%
2022 Argentine 1-0 France Messi
97%
2022 Argentine 3-2 France Messi
97%
2002 Brésil 1-0 Allemagne Ronaldo
97%
2002 Brésil 2-0 Allemagne Ronaldo
97%
1998 France 1-0 Brésil Zidane
96%
1998 France 2-0 Brésil Zidane
96%
2006 Italie 0-1 France Zidane
96%
2018 France 3-1 Croatie Pogba
90%
2010 Espagne 1-0 Pays-Bas Iniesta
87%
2022 Argentine 2-0 France Di Maria
84%
2014 Allemagne 1-0 Argentine Gotze
84%
2018 France 2-1 Croatie Griezmann
84%
1998 France 3-0 Brésil Petit
84%
1958 Brésil 3-1 Suède Pelé
83%
1958 Brésil 5-2 Suède Pelé
83%
1970 Brésil 1-0 Italie Pelé
83%
2018 France 4-2 Croatie Mandzukic
71%
2018 France 1-0 Croatie Mandzukic (C.S.C)
71%
1974 Allemagne de l'Ouest 2-1 Pays-Bas Muller
70%
2018 France 1-1 Croatie Perisic
62%
2006 Italie 1-1 France Materazzi
57%
1954 Allemagne de l'Ouest 0-1 Hongrie Puskas
55%
1978 Argentine 1-0 Pays-Bas Kempes
33%
1978 Argentine 2-1 Pays-Bas Kempes
33%
1982 Italie 1-0 Allemagne de l'Ouest Rossi
33%
1970 Brésil 4-1 Italie Carlos Alberto
28%
1970 Brésil 3-1 Italie Jairzinho
26%
1986 Argentine 2-1 Allemagne de l'Ouest Rummenigge
22%
1986 Argentine 2-2 Allemagne de l'Ouest Voller
20%
1990 Allemagne de l'Ouest 1-0 Argentine Brehme
17%
1974 Allemagne de l'Ouest 1-1 Pays-Bas Breitner
14%
1982 Italie 3-1 Allemagne de l'Ouest Breitner
14%
1986 Argentine 3-2 Allemagne de l'Ouest Burruchaga
14%
1966 Angleterre 1-1 Allemagne de l'Ouest Hurst
14%
1966 Angleterre 3-2 Allemagne de l'Ouest Hurst
14%
1966 Angleterre 4-2 Allemagne de l'Ouest Hurst
14%
1958 Brésil 1-1 Suède Vava
14%
1958 Brésil 2-1 Suède Vava
14%
1962 Brésil 3-1 Tchécoslovaquie Vava
14%
1974 Allemagne de l'Ouest 0-1 Pays-Bas Neeskens
13%
1982 Italie 3-0 Allemagne de l'Ouest Altobelli
12%
1986 Argentine 2-0 Allemagne de l'Ouest Valdano
10%
1986 Argentine 1-0 Allemagne de l'Ouest Brown
9%
1982 Italie 2-0 Allemagne de l'Ouest Tardelli
9%
1950 Uruguay 2-1 Brésil Ghiggia
7%
1962 Brésil 0-1 Tchécoslovaquie Masopust
7%
1978 Argentine 3-1 Pays-Bas Bertoni
6%
1970 Brésil 2-1 Italie Gérson
6%
1978 Argentine 1-1 Pays-Bas Nanninga
6%
1930 Uruguay 1-2 Argentine Stabile
6%
1958 Brésil 4-2 Suède Zagallo
6%
1962 Brésil 2-1 Tchécoslovaquie Zito
6%
1962 Brésil 1-1 Tchécoslovaquie Amarildo
4%
1970 Brésil 1-1 Italie Boninsegna
4%
1930 Uruguay 2-2 Argentine Cea
4%
1954 Allemagne de l'Ouest 0-2 Hongrie Czibor
4%
1934 Italie 0-1 Tchécoslovaquie Puc
4%
1954 Allemagne de l'Ouest 2-2 Hongrie Rahn
4%
1954 Allemagne de l'Ouest 3-2 Hongrie Rahn
4%
1950 Uruguay 1-1 Brésil Schiaffino
4%
1966 Angleterre 2-2 Allemagne de l'Ouest Weber
4%
1950 Uruguay 0-1 Brésil Friaça
3%
1966 Angleterre 0-1 Allemagne de l'Ouest Haller
3%
1958 Brésil 0-1 Suède Liedholm
3%
1954 Allemagne de l'Ouest 1-2 Hongrie Morlock
3%
1934 Italie 1-1 Tchécoslovaquie Orsi
3%
1966 Angleterre 2-1 Allemagne de l'Ouest Peters
3%
1930 Uruguay 1-1 Argentine Peucelle
3%
1938 Italie 2-1 Hongrie Piola
3%
1938 Italie 4-2 Hongrie Piola
3%
1938 Italie 3-2 Hongrie Sarosi
3%
1934 Italie 2-1 Tchécoslovaquie Schiavio
3%
1958 Brésil 3-2 Suède Simonsson
3%
1938 Italie 1-1 Hongrie Titkos
3%
1930 Uruguay 4-2 Argentine Castro
1%
1938 Italie 1-0 Hongrie Colaussi
1%
1938 Italie 3-1 Hongrie Colaussi
1%
1930 Uruguay 1-0 Argentine Dorado
1%
1930 Uruguay 3-2 Argentine Iriarte
1%
Aucun quiz correspondant
Distribution des résultats
% des personnes avec chaque résultat
Percentile par nombre de réponses
Votre historique - résultats
Vous n’avez pas pris ce quiz